[Event "Sparkassen Chess Meeting"]
[Site "Dortmund"]
[Date "2016.07.10"]
[Round "2.3"]
[White "Ponomariov, Ruslan"]
[Black "Najer, Evgeniy"]
[Result "1-0"]
[WhiteElo "2706"]
[BlackElo "2687"]
[EventDate "2016.??.??"]
[Annotator "Bojkov,Dejan"]
[PlyCount "89"]
[Beauty "7353118230023"]
[EventType "swiss"]
[EventRounds "7"]
[EventCountry "GER"]
[WhiteClock "1:21:14"]
[BlackClock "0:24:05"]

1.Nf3 d5 2.d4 Nf6 3.c4 c6 4.Nc3 dxc4 5.a4 Bf5 6.e3 e6 7.Bxc4 Bb4 8.O-O O-O 9.Nh4 Nbd7 10.h3 Bg6 11.Nxg6 hxg6 {This line of the Slav defense is considered to be extremely solid for Black. However, since White controls the center and has the bishop pair, he does not mind fighting for the win without too much risk.} 12.Qb3 Qb6 13.Rd1 Rad8 {Another treatment of the variation is:} ( 13...a5 14.Bd2 e5 15.d5 Nc5 16.Qa2 Rad8 17.dxc6 bxc6 {as in Ipatov, A (2630)-Brunello,S (2615) Warsaw 2013} ) 14.Bd2 Ba5 {A novelty. Najer wants to swap off the queens as soon as possible and relieve the pressure. Previously, Black always played:} ( 14...a5 {which clamps the queenside and leads to a long maneuvering battle. In the following game, King Loek advanced everything that he had on the kingside after} 15.Be1 Qc7 16.Qc2 Nb6 17.Bb3 Qe7 18.Rac1 Rd7 19.Qe2 Ra8 20.g4 Nbd5 21.f4 {and eventually White won in Van Wely,L (2643)-Kasimdzhanov,R (2690) Germany 2000} ) 15.Rac1 {White is also a bit better after:} ( 15.Qxb6 Nxb6 16.Be2 ) 15...c5 {Black proceeds with his relieving strategy. Maybe the other central break was more precise:} ( 15...e5 $5 16.d5 Qxb3 17.Bxb3 Nc5 18.Bc4 cxd5 19.Nxd5 Bxd2 20.Rxd2 Nxd5 21.Rxd5 ( {Not} 21.Bxd5 $2 Nb3 $1 ) 21...Nxa4 22.b3 Nb2 23.Rxe5 Nxc4 24.Rxc4 Rd7 {with a better version of the endgame in comparison to the game.} ) 16.d5 {Ponomariov does not mind a slight advantage. After all, even in his younger years, the experts were always comparing his style to the one of Anatoly Karpov.} 16...Bxc3 17.Bxc3 Qxb3 18.Bxb3 Nxd5 19.Bxd5 exd5 20.Rxd5 Nb6 21.Rxc5 Nxa4 22.Rc7 Nxc3 23.R1xc3 {The counter-intuitive} ( 23.bxc3 $5 {deserved serious attention as well, for example} 23...Rb8 24.Rb1 a5 25.Rcxb7 Rxb7 26.Rxb7 Ra8 27.Kf1 {and Black cannot trade easily the last pair of queenside pawns.} ) 23...Rd1+ 24.Kh2 Rd2 25.Rxb7 Rxf2 26.Kg3 {Finally, the forcing play is over and Ponomariov enjoys the better game. His rooks are more active and this is of primary importance in rook endgames. Furthermore, the fact that there are two pairs of rooks still on the board provides some additional chances to White (mating threats), but Najer can pin his hopes on the limited material.} 26...Rf6 {Perhaps Black should have gone for the passive defense with} ( 26...Rd2 27.b4 a6 28.Rcc7 {Please note that Black cannot trade a pair of rooks after} ( 28.Ra7 Rb2 $1 ) ( 28.Rc6 Re8 $1 ) 28...Rdd8 ( {And now} 28...Rd6 $1 {with the idea of Rd6-f6 and releasing the second rook.} ) 29.h4 Rb8 {because of the tactical shot} 30.Rxf7 $1 ) 27.Rxa7 Rb8 28.h4 $1 {Rooks provide tactical chances, remember. This is better than the passive defense of the pawn:} ( 28.b3 Rfb6 29.Rcc7 Rf6 ( 29...Rxb3 30.Rxf7 Rxe3+ 31.Kf2 Re6 32.Rxg7+ Kh8 ) 30.Rab7 Re8 31.Rc3 Re5 {when the black rooks are active and his hopes for the draw are alive and kicking.} ) 28...Kh7 ( {Of course not} 28...Rxb2 $4 29.Rc8+ Kh7 30.Raa8 {and mate.} ) ( {But} 28...Re6 {might have been more resilent.} ) 29.Rcc7 {Ponomariov goes for the one-rook endgame.} 29...Rxb2 ( 29...Rf8 30.e4 {is a worse version for Black.} ) 30.Rxf7 Rxf7 31.Rxf7 g5 32.hxg5 Rb5 33.e4 {The pawn cannot be defended:} ( 33.Kf4 Kg6 34.Rd7 Rf5+ 35.Ke4 Rxg5 ) 33...Kg6 ( 33...Rxg5+ 34.Kf3 Kg6 {would lead to the same.} ) 34.Ra7 Rxg5+ 35.Kf3 Rb5 36.Kf4 Rb6 $1 {The best defense. The white rook cannot be left active:} ( 36...Rb2 37.Ra6+ Kf7 38.g4 Rf2+ 39.Kg5 Re2 40.Ra7+ Kf8 41.Kg6 Rxe4 42.Ra8+ Ke7 43.g5 Re5 44.Rg8 {and White wins.} ) 37.Ra2 Kf6 {But this loses. Now Ponomariov gets a chance to break in. Black should have waited with:} ( 37...Rc6 38.g4 ( {or} 38.Ke5 Rb6 39.Kd5 Rb5+ ) 38...Rb6 {Then after} 39.Ra4 {White intends to destroy the opponent's defensive set-up with e4-e5 and Ra4-d4-d6, but Black has:} 39...Rf6+ $1 40.Ke5 Rf8 {and this frontal defense seems to save him. One sample line:} 41.Kd5 ( 41.Kd6 Rf4 ) 41...Rd8+ 42.Ke6 Re8+ 43.Kd6 Kf7 44.Ra7+ Kf6 45.g5+ Kxg5 46.e5 Kf5 47.Rf7+ Ke4 48.e6 g5 49.e7 g4 50.Rf8 Rxe7 51.Kxe7 g3 {and draw.} ) 38.e5+ Ke6 {The king cannot go back:} ( 38...Kg6 39.Ra4 Re6 40.g4 Rc6 41.Rd4 {and White seizes the sixth rank.} ) 39.Ra7 {Seventh is even better. White calculated everything correctly.} 39...Rb4+ 40.Kg5 $1 {The e5 pawn is no longer needed as the black king cannot coordinate his efforts with the rook.} 40...Rb5 ( {Or} 40...Kxe5 41.Re7+ Kd6 42.Rxg7 ) 41.g4 Kxe5 42.Rxg7 Ke4+ 43.Kh6 Kf4 44.g5 Kg4 45.Ra7 1-0

[Event "Sparkassen Chess Meeting"]
[Site "Dortmund"]
[Date "2016.07.12"]
[Round "3.4"]
[White "Kramnik, Vladimir"]
[Black "Buhmann, Rainer"]
[Result "1/2-1/2"]
[WhiteElo "2812"]
[BlackElo "2653"]
[EventDate "2016.??.??"]
[Annotator "Bojkov,Dejan"]
[PlyCount "92"]
[Beauty "5777804817498"]
[EventType "swiss"]
[EventRounds "7"]
[EventCountry "GER"]
[WhiteClock "0:37:57"]
[BlackClock "0:48:29"]

1.e4 {Kramnik played a couple of open games in Stavanger, and later he ventured 1.e4 in some blitz and rapid games. Is this a sign that he is working hard to get back to the throne?} 1...e6 2.d4 d5 3.Nc3 Nf6 4.e5 Nfd7 5.f4 c5 6.Nf3 Be7 {GM Prusikin called this "the German line" as two young players, M. Bluebaum and R. Svane, use it regularly.} 7.Be3 b6 {The main idea is to trade the light-squared bishops as soon as possible.} ( {Instead Buhman tried} 7...O-O {in May and was successful after} 8.a3 b6 9.g3 Nc6 10.Qd2 Bb7 11.h4 Rc8 12.Bh3 cxd4 13.Nxd4 Bc5 14.Nxc6 Bxc6 15.Bd4 Bb7 16.Ne2 Ba6 {Nomin Erdene,D (2448)-Buhmann,R (2651) Wunsiedel 2016} ) 8.Qd2 O-O 9.h4 {Black's plan worked well in the following recent super-GM game:} ( 9.Nd1 a5 10.c3 a4 11.Bd3 Ba6 12.O-O Nc6 13.Bxa6 Rxa6 14.f5 b5 15.fxe6 fxe6 16.Qe2 Qb6 {and later Harikrishna defated Giri as Black in Stavanger 2016.} ) 9...Nc6 10.Bb5 Qc7 {Buhmann is well prepared in his pet French defense.} ( {One predecessor:} 10...Nxd4 11.Nxd4 cxd4 12.Bxd4 Nc5 13.O-O-O Bd7 14.Be2 b5 15.f5 exf5 16.Nxd5 Be6 17.Nxe7+ Qxe7 18.Kb1 {and White prevailed later in Paravyan,D (2511)-Lugovskoy,M (2502) Loo 2016} ) 11.O-O-O a6 12.Bd3 {Provoking the obvious c5-c4...} 12...f5 {...a trick for which Black does not fall! Bad was} ( 12...c4 $2 13.Bxh7+ Kxh7 14.Ng5+ Kg8 15.Qe2 g6 16.Qg4 $1 {with a decisive attack.} ) 13.g4 {There is no time for positional play; it is all about checkmate.} ( {After} 13.exf6 $6 Nxf6 14.Kb1 c4 15.Be2 b5 {White has a nice e5-outpost, and Black a fast moving attack. Guess who is happier?} ) 13...c4 {Now Buhmann wants to close the flank.} ( {Instead} 13...fxg4 $2 {will open one file too many, and White will win after} 14.Ng5 Bxg5 15.hxg5 g6 16.Qh2 {and besides mate, Bd3xg6 is also a threat.} ) 14.gxf5 $1 {Of course.} ( {Kramnik is too big to allow the closing of the position after} 14.Be2 b5 ) 14...cxd3 15.fxe6 Ndb8 {The best defense.} ( {Both} 15...dxc2 {which gives time to White to bring a rook into the attack} 16.Rdg1 Ndb8 17.Qg2 ) ( {and} 15...Ndxe5 16.Nxe5 dxc2 17.Rdg1 {allow White to attack for free. In fact, in this line he can even win material after} 17...Bxe6 18.Qg2 Bd6 19.Nxd5 ) 16.Nxd5 Qd8 {Once again, best. The queen is needed for kingside protection.} ( {Although} 16...Qb7 17.Ng5 Bxg5 18.hxg5 Bxe6 19.Nxb6 $5 Qxb6 20.d5 {is not completely clear.} ) 17.Nxe7+ Nxe7 {A picturesque position. Almost all the black pieces are backed up on the eight rank, completely scared of the white pawn. The exception is the brave knight which is ready to block the pawns from either side.} ( {Please note that in case of} 17...Qxe7 18.Qxd3 Bxe6 19.d5 Bf5 20.Qb3 Na5 21.Qxb6 {there will be no blockade.} ) 18.Ng5 h6 {It is not about pawns.} ( {After} 18...dxc2 19.Qxc2 g6 20.d5 $1 {White breaks the blockade and destroys the defense:} 20...Nxd5 21.e7 Qxe7 22.Rxd5 Bb7 23.Qd3 ) 19.Qxd3 $1 {Kramnik sacrifices another piece!} ( {In the computer-suggested line} 19.Nf7 Qd5 20.f5 Nxf5 21.Nxh6+ Nxh6 22.e7 Re8 23.Bxh6 Rxe7 24.Qxd3 Be6 {I do not see how White can break the blockade, while the blockading pieces are ready to show teeth.} ) 19...hxg5 20.hxg5 Bxe6 21.Qh7+ Kf7 22.d5 Bf5 $1 {Did I mention that Buhmann was down to a minute on his clock? Yes, this is an only move. Both captures lose:} ( 22...Bxd5 23.e6+ $1 Kxe6 ( 23...Ke8 24.Qxg7 {followed by Rh1-h8 is deadly.} ) 24.Qxg7 Nbc6 25.Rh6+ Kd7 26.Rxd5+ ) ( 22...Nxd5 23.f5 $1 {with the threat of Qh7-g6-e6 mate.} 23...Qd7 24.fxe6+ Qxe6 25.Rhf1+ Ke8 26.Rxf8+ Kxf8 27.Rf1+ Ke8 28.Qh8+ Kd7 29.Qxg7+ Kc6 30.c4 Nxe3 31.Rf6 {In both case,s White wins on the freshly open files.} ) 23.e6+ {White wins a fifth pawn for the piece. Technically speaking, he will only be down a pawn.} ( {The chip screams for} 23.Qh5+ {However, the position arising after} 23...Bg6 ( {when indeed after} 23...Ng6 24.e6+ Ke7 25.Qh7 Rg8 26.Bxb6 $1 Qc8 ( 26...Qxb6 27.d6+ Kxe6 28.Qxg8+ ) 27.Rd2 {White might be better.} ) 24.Qe2 ( 24.e6+ Ke8 25.Qe2 Qd6 {is advantage for Black.} ) 24...Nxd5 25.Qf3 Ke6 26.c4 Nb4 27.Rd6+ Qxd6 28.exd6 N8c6 {is anything but clear.} ) 23...Ke8 24.Qxg7 Qc7 $1 {The only move once again. The mate threat on c2 gives Black a chance to get rid of White's most monstrous pawn.} ( 24...Qd6 {loses to} 25.Rh8 Rxh8 ( 25...Ng6 26.Qf7+ $1 ) 26.Qxh8+ ) 25.Rh2 ( {Or} 25.Rd2 Nxd5 ) 25...Nxd5 26.Qxf8+ $3 {I'm not sure how to annotate this. Incredible,&#10;unbelievable? Too lame. A Kasparyan move? This one sounds appropriate. I will&#10;award two exclamation marks even though it does not win the game - for&#10;the sheer beauty of the move.} ( {Objectively speaking} 26.Bd4 {was better when after} 26...Nc6 ( {White's idea is demonstrated in the line} 26...Qxg7 27.Bxg7 Ne3 28.Bxf8 Nxd1 29.Rh8 ) 27.Bf6 Qxg7 28.Bxg7 Nde7 29.Bxf8 Kxf8 30.Rh8+ Ng8 31.Rd7 Bxe6 32.Rd6 Nd8 33.Rxb6 {the game will most likely end in a draw.} ) 26...Kxf8 27.Rxd5 Bh7 {Nobody wants to allow a back-rank check with a few seconds on the clock. One little miscalculation, and you're mated.} ( {However, there was a case for} 27...Bg6 $1 {when} 28.Rh8+ {only helps Black to get a decisive counter-attack after} ( {However, I suspect that Kramnik wanted to play} 28.b3 $1 {and after the more or less forcing} 28...Qc3 29.Bd4 Qe1+ 30.Kb2 Qxe6 31.Re5 Qd7 32.Rh8+ Kf7 33.Bxb6 Qb7 34.f5 Qxb6 35.fxg6+ Qxg6 36.Ree8 {it seems as if Black, who has a queen and a knight for the rook and three pawns is not winning...} ) 28...Ke7 29.f5 Qg3 30.Bxb6 Qf4+ 31.Rd2 Qf1+ 32.Rd1 Qxf5 {and Black wins.} ) 28.b3 $1 {Super cool! The idea is c2-c4, free the rook, and checkmate with it.} ( {Bad was the straightforward} 28.g6 Bxg6 29.Rg5 Bh7 30.Rgh5 Ra7 {and Black wins.} ) 28...Ke8 ( 28...Qc3 29.Bd4 Qf3 ( 29...Qe1+ {helps White only after} 30.Kb2 Qe4 31.Rd8+ Ke7 32.Bf6+ Kxe6 33.Re8+ ) 30.Rd8+ Ke7 31.Bf6+ Kxe6 32.Rxh7 {and in comparison to the above-mentioned line, White has a bishop in addition to the rook and is better!} ) ( 28...Kg8 {sends the king to the wrong side of the board:} 29.g6 Bxg6 30.Rg2 Kh7 31.f5 Bh5 32.f6 Bg6 33.Rdg5 {an White wins.} ) ( {Perhaps the best try for Black is} 28...Ra7 29.g6 Bxg6 30.Rh8+ Ke7 ( 30...Kg7 $4 31.Bd4+ ) 31.c4 Kxe6 {It seems over right? However, chess is inexhaustible, and White has further resources:} 32.f5+ Bxf5 33.Rh6+ Ke7 34.Bg5+ Kf7 35.Rxf5+ Kg7 36.Bd2 {Believe it or not (or better analyze it with your super-powerful computers and let the readers know) but this might again be a draw. Here is the proof:} 36...Qd7 37.Rd5 Qe7 38.Rdh5 Qa3+ 39.Kb1 Rf7 40.Rh7+ Kf8 ( 40...Kf6 $2 41.Bc3+ Ke7 42.Re5+ Kf8 43.Rh8+ Kg7 44.Rg5# ) 41.Bc1 Qb4 ( 41...Rf1 $2 42.Rf5+ $1 ) 42.Rh8+ Ke7 43.Rxb8 ) 29.g6 {Forcing the draw.} ( {[A bold move suggested by the engines is} 29.Kb2 $5 {(to prevent any Qc3) but this should lead to a draw as well. - PD]} ) 29...Bxg6 30.Rh8+ Ke7 31.f5 Bxf5 32.Rxf5 Qc3 ( 32...Kxe6 33.Rff8 ) 33.Bg5+ Kxe6 34.Rf6+ Qxf6 {Or else White may change his mind.} ( 34...Ke5 35.Re8+ Kd5 36.Rd8+ Ke5 37.Kb1 $1 ) 35.Bxf6 Kxf6 36.Rh6+ Ke5 37.Rxb6 Kd5 {Buhmann emerged a piece ahead, but since his only pawn faces three white ones, victory is not a possibility.} 38.Kb2 Nc6 39.a3 Kc5 40.Rb7 Rg8 41.Rh7 Rg2 42.Rh5+ Kd6 43.Kc3 Rg3+ 44.Kb2 Rg2 45.Kc3 Rg3+ 46.Kb2 Rg2 {So, did anyone miss a win? You decide for yourselves, but to me it seemed as if it was balanced from the beginning :)} 1/2-1/2

[Event "Sparkassen Chess Meeting"]
[Site "Dortmund"]
[Date "2016.07.17"]
[Round "7.4"]
[White "Kramnik, Vladimir"]
[Black "Najer, Evgeniy"]
[Result "1-0"]
[WhiteElo "2812"]
[BlackElo "2687"]
[EventDate "2016.??.??"]
[Annotator "Bojkov,Dejan"]
[PlyCount "79"]
[Beauty "7701950108688"]
[EventType "swiss"]
[EventRounds "7"]
[EventCountry "GER"]
[WhiteClock "0:55:32"]
[BlackClock "0:00:38"]

1.c4 e5 2.d3 g6 3.Nc3 Bg7 4.g3 d6 5.Bg2 Nf6 6.e4 {The Botvinnik-English has a very solid reputation.} 6...c6 ( {There is also the symmetrical continuation:} 6...O-O 7.Nge2 c5 8.a3 Nc6 9.Rb1 Nd4 10.b4 b6 {Grischuk,A (2771) -Mamedov,R (2660) Moscow 2010} ) 7.Nge2 a6 8.O-O b5 {A very similar position to the Fianchetto KID has arisen. The main difference is that the white central pawn is on d3 instead of d4. This gives the center extra stability which White can use for a novelty.} 9.f4 {Although this is the most common idea in the Botvinnik set-up.} ( {The alternatives led White nowhere:} 9.cxb5 axb5 10.b4 O-O 11.a4 Be6 12.Bd2 d5 ( 12...bxa4 13.Nxa4 Na6 ) 13.exd5 Nxd5 {Serper,G (2540)-Sokolov,I (2665) New York 1996} ) 9...Qb6+ {For a moment, the white king is a bit loose and Najer tries to make use of that.} 10.Kh1 Ng4 11.Qe1 Nd7 12.h3 h5 13.b4 ( {The knight is obviously invincible} 13.hxg4 hxg4+ ) 13...Ne3 {This obvious move has a drawback. Black could have tried instead:} ( 13...h4 $5 14.gxh4 ( 14.hxg4 $2 hxg3+ {is still bad for White.} ) 14...Bf6 15.Qg3 bxc4 16.Qxg4 cxd3 17.Na4 ( {Worse is} 17.Ng3 Rxh4 18.Qf3 Qxb4 ) 17...Qxb4 18.Nec3 {with messy, double-edged play.} ) 14.Bxe3 Qxe3 15.d4 $1 {An important detail. The black queen is in danger.} ( 15.Rd1 h4 {would be good for Black who has wonderful play on the dark-squares.} ) 15...Qd3 {There is no time to capture eeither of the pawns:} ( 15...exd4 $2 16.Rf3 ) ( 15...exf4 $2 16.Rf3 ) 16.fxe5 dxe5 17.cxb5 {Kramnik could have even sacrificed that pawn with:} ( 17.d5 Qxc4 18.dxc6 Qxc6 19.Nd5 Qd6 20.Rc1 O-O {It seems as if Black has escaped but a second wave comes.} 21.Rc6 $1 Qb8 ( 21...Qxc6 $4 22.Ne7+ ) 22.Ne7+ Kh7 {Now both} 23.Qd2 $5 ( {Or} 23.Rxc8 Rxc8 24.Nxc8 Qxc8 25.Rxf7 {promises White a serious initiative.} ) ) 17...axb5 18.d5 Bb7 19.Rd1 Qc4 20.dxc6 Bxc6 21.Nd5 Bxd5 22.Rxd5 Nb6 {Pawn grabbing with a king in the middle is a sin.} ( 22...Qxa2 $2 23.Nc3 Qc4 24.Rxd7 $1 Kxd7 25.Nd5 ) ( 22...Rxa2 $2 23.Nc3 Ra8 24.Rf3 {followed by Bg2-f1 is very good for White.} ( 24.Nxb5 ) ) 23.Rc5 Qe6 {But now the pawn was edible:} ( 23...Qxa2 24.Nc3 Qb2 25.Rxb5 {with some advantage for White.} ) 24.Nc3 O-O 25.Rxb5 {As a result of the forced play Kramnik has won a pawn, but Najer has managed to castle.} 25...Rfc8 26.a4 $1 {This is a strong play for the initiative by the former worldd champion.} ( 26.Nd5 {istead is equal after} 26...Nxd5 27.exd5 Qd7 ) ( {White could have kept the extra pawn though with} 26.Rf3 Rc4 {Black's defense resources are not exhausted.} ) 26...Nxa4 27.Nd5 Rab8 {A mistake. The rook should not have been given a chance to reach the seventh rank. Correct was:} ( 27...Qd7 $1 28.Ra5 Rxa5 29.bxa5 {White is still much better, but Black can be happy to have swapped off an important attacking piece.} ) 28.Ra5 Nb6 {Otherwise the knight will be trapped after} ( 28...Nb2 29.Ra7 Rf8 30.Qe2 ) 29.Ra7 Rf8 30.Ra6 $1 {The pin is more than unpleasant.} 30...Rfd8 31.Qf2 Rd6 32.b5 {Also good was:} ( 32.Ra7 Rd7 ( 32...Nd7 33.b5 Rxb5 34.Nc7 ) 33.Rxd7 Nxd7 34.Qa7 {but Kramnik correctly figured out that the pinned knight is the major problem for Black.} ) 32...Rb7 {The knight is not moving:} ( 32...Nxd5 33.exd5 Qe7 34.Rxd6 Qxd6 35.Qxf7+ ) 33.Qc2 Kh7 {This loses.} ( {Once more bad line is:} 33...Nxd5 34.exd5 Qd7 35.Rxd6 Qxd6 36.Qc8+ ) ( {The last chance was:} 33...Qd7 34.Qc5 Qd8 $1 {when White still needs to work to prove his advantage.} ) 34.Qc5 {Black is practically in zugzwang!} 34...Kg8 {Kramnik has improved almost all of his pieces but one of them can do better. In situations like this, you have to identify the lazy guy and bring it into the battle. Thus:} ( 34...Bf8 {Then White will simply take it with} 35.Rxb6 Rbxb6 36.Nxb6 Rxb6 37.Qxf8 ) 35.Kh2 $1 {No, this is not the lazy person.} 35...Kh7 36.h4 Kg8 37.Bh3 {This one is! Once the bishop is inserted into the action, Black can no longer hold.} 37...Rxd5 ( {Or} 37...f5 38.Nxb6 Rdxb6 39.exf5 ) 38.exd5 Qxd5 39.Qc6 Qd2+ 40.Bg2 1-0

[Event "Chess Classic"]
[Site "London"]
[Date "2016.12.09"]
[Round "1.3"]
[White "Kramnik, Vladimir"]
[Black "Topalov, Veselin"]
[Result "1-0"]
[WhiteElo "2809"]
[BlackElo "2760"]
[EventDate "2016.??.??"]
[Annotator "Bojkov,Dejan"]
[PlyCount "55"]
[Beauty "8249290003988"]
[EventType "swiss"]
[EventRounds "9"]
[EventCountry "CAN"]
[WhiteClock "0:12:33"]
[BlackClock "0:19:04"]

1.Nf3 d5 2.g3 g6 3.Bg2 Bg7 4.d4 Nf6 5.O-O O-O 6.c4 c5 7.dxc5 ( 7.cxd5 Nxd5 8.e4 Nf6 9.e5 Nfd7 10.e6 fxe6 11.Nc3 Nc6 12.Be3 Rxf3 13.d5 Rxe3 {0-1 (32) Ghaem Maghami,E (2596)-Nepomniachtchi,I (2705) Berlin 2015} ) 7...dxc4 8.Na3 c3 9.Nb5 ( 9.Nd4 Nfd7 10.bxc3 Nxc5 11.Bg5 Nba6 12.Rb1 {Kramnik,V (2812)-Giri,A (2782) Leuven 2016 &frac12;-&frac12;} ) 9...cxb2 ( 9...Ne4 10.Qxd8 Rxd8 11.Nc7 cxb2 12.Bxb2 Bxb2 13.Rad1 Rf8 14.Nxa8 Na6 15.Nd4 Nexc5 16.Nb5 Bg4 17.f3 Bd7 18.Nac7 Nxc7 19.Nxc7 e6 20.Rb1 Bd4+ 21.Kh1 a6 ) 10.Bxb2 Bd7 ( {Predecessor (2):} 10...Na6 11.Rc1 Bd7 12.Nfd4 e5 13.c6 $1 {Llanes Luno,P (2240)-Gimeno Oteo,M (2155) Aragon 1998} ) 11.Qb3 Bc6 12.Rfd1 Qc8 13.Rac1 Nbd7 14.Nbd4 Bd5 ( 14...Re8 15.Nxc6 bxc6 16.Qa4 ) 15.Qa3 Re8 16.c6 Nb6 ( 16...bxc6 17.Nxc6 Qb7 ( 17...Bxc6 18.Nd4 ) 18.Nfe5 Bxg2 19.Kxg2 Nxe5 20.Bxe5 Ng4 21.Bxg7 Kxg7 22.f3 ) 17.c7 Nc4 18.Qb4 Nxb2 19.Qxb2 b6 20.Qa3 e6 ( 20...Qb7 21.Bh3 e6 22.Ng5 h6 23.e4 Nxe4 ( 23...hxg5 24.exd5 Nxd5 25.Bg2 ) 24.Nxe4 Bxe4 25.Nb5 Bf8 26.Nd6 Bd5 27.Rxd5 exd5 28.Nxb7 Bxa3 29.c8=Q ) 21.Nb5 Bf8 22.Qb2 Bg7 23.Qd2 Qd7 24.a4 Ne4 25.Qf4 a6 26.Qxe4 axb5 27.Qd3 f5 28.Ng5 ( 28.Ng5 Rac8 29.Nxe6 Bxe6 30.Qxd7 Bxd7 31.Rxd7 bxa4 32.Bb7 Bf6 33.Rc6 ( 33.Bxc8 Rxc8 ) ) 1-0